00501nam a22001337a 4500003000400000005001700004008004100021040002700062100006400089245015900153250000800312260004000320300000700360OSt20240410121923.0240410b |||||||| |||| 00| 0 eng d cCentral Library MRSPTU aDr. Parmjit Singh (ਡਾ. ਪਰਮਜੀਤ ਸਿੰਘ) aUdasi : Ik Sadran Satethi To Le ke Gambir Rog Takk (ਉਦਾਸੀ ਇੱਕ ਸਧਾਰਣ ਤੋਂ ਲੈ ਕੇ ਗੰਭੀਰ ਰੋਗ ਤੱਕ) a1st aBarnalabTarkbharti Parkashanc1998 a38